Los dos problemas fundamentales de la Epistemología: basado en manuscritos de los años 1930-1933
Gespeichert in:
| 1. Verfasser: | |
|---|---|
| Format: | Buch |
| Sprache: | Spanisch |
| Veröffentlicht: |
Madrid, España:
Tecnos,
2007.
|
| Ausgabe: | 2a. edición. |
| Schlagworte: | |
| Tags: |
Tag hinzufügen
Keine Tags, Fügen Sie den ersten Tag hinzu!
|
MARC
| LEADER | 00000cam a2200000 a 4500 | ||
|---|---|---|---|
| 001 | UCF2804 | ||
| 003 | CL-VaPUC | ||
| 005 | 20240911124534.0 | ||
| 008 | 120910t20070000SP |||||||||||||||||spa|d | ||
| 020 | |a 9788430946150 | ||
| 040 | |c Pontificia Universidad Católica de Valparaíso | ||
| 082 | 0 | 7 | |a 121 POP 2007 |2 22 |
| 100 | |a Pooper, Karl R. |e autor |9 311826 | ||
| 245 | 1 | 4 | |a Los dos problemas fundamentales de la Epistemología: basado en manuscritos de los años 1930-1933 |
| 250 | |a 2a. edición. | ||
| 260 | |a Madrid, España: |b Tecnos, |c 2007. | ||
| 300 | |a 577 páginas. | ||
| 583 | |a last modification |c 20140123 04:24:28 |k Rodrigo Vera | ||
| 650 | 0 | |a Epistemología |9 264994 | |
| 650 | 0 | |a Metafísica |9 265649 | |
| 942 | |c BK |2 ddc | ||
| 945 | |d 20120910 00:00:00 |a dcastane | ||
| 999 | |c 349343 |d 349341 | ||
| 952 | |0 0 |1 0 |4 0 |6 121_000000000000000_POP_2007 |7 0 |8 A |9 451939 |a BIBEDU |b BIBEDU |c ES_NOD |d 2019-11-22 |i 490124K |o 121 POP 2007 |p 490124K |r 2023-08-09 |w 2019-11-22 |y BK |k PSI | ||